000 00286nam a22001337a 4500
008 170529b xxu||||| |||| 00| 0 eng d
020 _a1560983493
041 _aeng
080 _a94(100)
100 _a16
101 _aSHH
245 _aREPORTING THE WAR
_cVOSS,F.S
942 _2udc
_cBK
999 _c14927
_d14927